| 000 | 00370nam a2200133Ia 4500 | ||
|---|---|---|---|
| 005 | 20251222144646.0 | ||
| 008 | 251222s9999||||xx |||||||||||||| ||spa|| | ||
| 020 | _a978-612-4048-71-5 | ||
| 082 | _a343.071/A34 | ||
| 100 | _aAlatrista Severino, Yamiz LucĂa | ||
| 245 | 0 | _aLibro de Reclamaciones y Derechos del Consumidor | |
| 264 | _bCaballero Bustamante | ||
| 942 | _cLIB | ||
| 999 |
_c16872 _d16872 |
||